Ballon d'or 2025 - Statistiques

Statistiques générales
  • Ce quiz a été pris 253 fois
  • Le résultat moyen est 24 sur 30
Statistiques - réponses
Rang Joueurs Nationalité Points % Correct
1 Ousmane Dembele France 1380
100%
6 Achraf Hakimi Maroc 484
98%
2 Lamine Yamal Espagne 1059
98%
4 Mohamed Salah Égypte 657
97%
7 Kylian Mbappé France 378
96%
3 Vitinha Portugal 703
96%
9 Gianluigi Donnarumma Italie 172
91%
10 Nuno Mendes Portugal 171
91%
5 Raphinha Brésil 620
89%
13 Harry Kane Angleterre 112
87%
12 Khvicha Kvaratskhelia Géorgie 123
87%
26 Erling Haaland Norvège 18
85%
17 Robert Lewandowski Pologne 49
85%
16 Vinícius Júnior Brésil 51
83%
11 Pedri Espagne 124
82%
8 Cole Palmer Angleterre 211
81%
14 Désiré Doué France 74
81%
19 João Neves Portugal 40
78%
28 Virgil van Dijk Pays-Bas 7
76%
30 Michael Olise France 4
74%
15 Viktor Gyökeres Suède 56
74%
18 Scott Mctominay Écosse 45
73%
23 Jude Bellingham Angleterre 21
70%
20 Lautaro Martínez Argentine 37
69%
21 Serhou Guirassy Guinée 25
66%
24 Fabián Ruiz Espagne 20
65%
29 Florian Wirtz Allemagne 5
58%
22 Alexis Mac Allister Argentine 21
49%
27 Declan Rice Angleterre 13
47%
25 Denzel Dumfries Pays-Bas 20
44%
Aucun quiz correspondant
Distribution des résultats
% des personnes avec chaque résultat
Percentile par nombre de réponses
Votre historique - résultats
Vous n’avez pas pris ce quiz